[Event "Agios Ioannis Pelion op 1st"]
[Site "Agios Ioannis"]
[Date "2018.06.16"]
[Round "1"]
[White "Gklavopoulos, Evangelos"]
[Black "Nikolaidis, Ioannis"]
[Result "0-1"]
[WhiteElo "1632"]
[BlackElo "2537"]
[PlyCount "33"]
[EventDate "2018.06.16"]
[EventType "swiss"]
[EventRounds "9"]
[EventCountry "GRE"]
[SourceTitle "CBM 185 Extra"]
[Source "ChessBase"]
[SourceDate "2018.07.29"]
[SourceVersion "1"]
[SourceVersionDate "2018.07.29"]
[SourceQuality "1"]

1. d4 d5 2. c4 e6 3. Nf3 Nf6 4. g3 dxc4 5. Bg2 a6 6. a4 Nc6 7. 0-0 Rb8 8. Nc3 Be7 9. Re1 0-0 10. e4 b5 11. d5 Nb4 12. Ne5 exd5 13. exd5 Bd6 14. f4 Re8 15. Nc6 Nxc6 16. dxc6 Bc5+ 17. Be3 0-1

[Event "Athens Smaok op 4th"]
[Site "Athens"]
[Date "2010.02.23"]
[Round "7"]
[White "Gklavopoulos, Evangelos"]
[Black "Fanourgakis, Konstantinos"]
[Result "0-1"]
[WhiteElo "1836"]
[BlackElo "1885"]
[PlyCount "88"]
[EventDate "2010.01.12"]
[EventType "swiss"]
[EventRounds "7"]
[EventCountry "GRE"]
[SourceTitle "EXT 2011"]
[Source "ChessBase"]
[SourceDate "2010.11.26"]
[SourceVersion "1"]
[SourceVersionDate "2010.11.26"]
[SourceQuality "1"]

1. d4 Nf6 2. c4 g6 3. Nc3 Bg7 4. e4 d6 5. Nf3 0-0 6. Be2 e5 7. d5 c6 8. h3 Na6 9. Be3 Nh5 10. Qd2 f5 11. Bg5 Nf6 12. dxc6 bxc6 13. Rd1 Nc5 14. Nxe5 Nfxe4 15. Nxe4 Nxe4 16. Bxd8 Nxd2 17. Nxc6 Bd7 18. Rxd2 Bxc6 19. Be7 Rfe8 20. Bxd6 Bxg2 21. Rg1 Bf3 22. Rg3 Bxe2 23. Rxe2 Bxb2 24. Rb3 Rxe2+ 25. Kxe2 Re8+ 26. Kd3 Be5 27. Bxe5 Rxe5 28. Kd4 Re2 29. c5 Kf7 30. Rb7+ Ke6 31. Rxa7 Rxf2 32. Ra6+ Kd7 33. Rd6+ Kc7 34. Rf6 Rd2+ 35. Kc3 Rxa2 36. c6 Ra6 37. Rf7+ Kxc6 38. Rxh7 Kd5 39. Kd3 Ra3+ 40. Ke2 Ke4 41. Re7+ Kf4 42. h4 Ra2+ 43. Kf1 Kf3 44. Kg1 Kg3 0-1

[Event "Athens Smaok op 4th"]
[Site "Athens"]
[Date "2010.02.09"]
[Round "5"]
[White "Koutsoukos, Konstantinos"]
[Black "Gklavopoulos, Evangelos"]
[Result "1-0"]
[WhiteElo "1634"]
[BlackElo "1836"]
[PlyCount "101"]
[EventDate "2010.01.12"]
[EventType "swiss"]
[EventRounds "7"]
[EventCountry "GRE"]
[SourceTitle "EXT 2011"]
[Source "ChessBase"]
[SourceDate "2010.11.26"]
[SourceVersion "1"]
[SourceVersionDate "2010.11.26"]
[SourceQuality "1"]

1. d4 Nf6 2. c4 e6 3. Nc3 Bb4 4. a3 Bxc3+ 5. bxc3 c5 6. e3 d5 7. cxd5 exd5 8. Nf3 0-0 9. Bb2 b6 10. Qc2 c4 11. Be2 Nc6 12. Nd2 Re8 13. h3 b5 14. 0-0 Rb8 15. Rab1 a5 16. Bf3 b4 17. axb4 axb4 18. Nxc4 Ba6 19. Ne5 b3 20. Qf5 Qc8 21. Qxc8 Rexc8 22. Rfe1 Nxe5 23. dxe5 Ne4 24. Bxe4 dxe4 25. f4 Bd3 26. Ra1 Bc2 27. Ra7 Ra8 28. Rea1 Rxa7 29. Rxa7 Rd8 30. c4 h5 31. e6 fxe6 32. Rxg7+ Kf8 33. Rh7 Rd6 34. c5 Rd5 35. c6 Rc5 36. Ba3 Kg8 37. Rc7 b2 38. Bxb2 Ba4 39. Rc8+ Kf7 40. c7 Bd7 41. Ba3 Rc3 42. Rh8 Rxc7 43. Rxh5 Rc3 44. Bc5 Rc2 45. Bd4 Rd2 46. Rh7+ Ke8 47. h4 Bb5 48. h5 Rd1+ 49. Kh2 Bf1 50. h6 Rd2 51. Rg7 1-0

[Event "Athens Smaok op 4th"]
[Site "Athens"]
[Date "2010.02.02"]
[Round "4"]
[White "Karteri, Olga"]
[Black "Gklavopoulos, Evangelos"]
[Result "1/2-1/2"]
[WhiteElo "1892"]
[BlackElo "1836"]
[PlyCount "90"]
[EventDate "2010.01.12"]
[EventType "swiss"]
[EventRounds "7"]
[EventCountry "GRE"]
[SourceTitle "EXT 2011"]
[Source "ChessBase"]
[SourceDate "2010.11.26"]
[SourceVersion "1"]
[SourceVersionDate "2010.11.26"]
[SourceQuality "1"]

1. e4 c5 2. Nc3 Nc6 3. g3 g6 4. Bg2 Bg7 5. d3 d6 6. Be3 e6 7. Qd2 Nge7 8. Bh6 0-0 9. h4 Bxh6 10. Qxh6 Kh8 11. h5 Ng8 12. Qd2 g5 13. h6 Rb8 14. 0-0-0 b5 15. Nce2 b4 16. f4 f6 17. e5 Nxe5 18. fxe5 dxe5 19. g4 a5 20. Nf3 Bb7 21. Ng3 a4 22. Ne4 Qd5 23. Rdf1 Qxa2 24. Kd1 Bxe4 25. Nxg5 Bxg2 26. Nxh7 Kxh7 27. Qxg2 Qd5 28. Qd2 e4 29. Rh5 Qd8 30. Qe3 exd3 31. cxd3 Qd4 32. Qg3 Rbd8 33. g5 Qxd3+ 34. Qxd3+ Rxd3+ 35. Ke2 Rb3 36. g6+ Kxg6 37. h7 Nh6 38. Rfh1 Rxb2+ 39. Kf3 Kxh7 40. Rxh6+ Kg8 41. Rg1+ Kf7 42. Rh7+ Ke8 43. Rgg7 Rd2 44. Re7+ Kd8 45. Ra7 Ke8 1/2-1/2

[Event "Athens Smaok op 4th"]
[Site "Athens"]
[Date "2010.01.12"]
[Round "1"]
[White "Gklavopoulos, Evangelos"]
[Black "Sigouros, Ioannis"]
[Result "0-1"]
[WhiteElo "1836"]
[BlackElo "2001"]
[PlyCount "52"]
[EventDate "2010.01.12"]
[EventType "swiss"]
[EventRounds "7"]
[EventCountry "GRE"]
[SourceTitle "EXT 2011"]
[Source "ChessBase"]
[SourceDate "2010.11.26"]
[SourceVersion "1"]
[SourceVersionDate "2010.11.26"]
[SourceQuality "1"]

1. d4 Nf6 2. Nf3 g6 3. c4 Bg7 4. Nc3 d5 5. cxd5 Nxd5 6. e4 Nxc3 7. bxc3 0-0 8. Be2 c5 9. 0-0 Nc6 10. Be3 Bg4 11. Rb1 cxd4 12. Nxd4 Bxe2 13. Qxe2 Qc7 14. Qb2 b6 15. Nb5 Qb7 16. f3 Na5 17. Qb4 Rac8 18. Nxa7 Rxc3 19. Bxb6 Nc4 20. Bf2 Qa6 21. Rbc1 Rxc1 22. Rxc1 Ne5 23. Qb3 Nd3 24. Rc6 Nc5 25. Bxc5 Qe2 26. Bf2 Bd4 0-1